Gnosis (Record no. 159)

MARC details
000 -LEADER
fixed length control field 00556nam a2200241 a 4500
020 ## - INTERNATIONAL STANDARD BOOK NUMBER
ISBN
082 00 - DEWEY DECIMAL CLASSIFICATION NUMBER
Classification number 121.68
Author Cutter BUL
100 ## - MAIN ENTRY--AUTHOR NAME
Author name Bultmann, R
245 ## - TITLE STATEMENT
Title Gnosis
260 ## - PUBLICATION, DISTRIBUTION, ETC. (IMPRINT)
Place of publication London
Name of publisher Adam and Charles Black
Year of publication 1952
300 ## - PHYSICAL DESCRIPTION
Number of Pages 67p
500 ## - GENERAL NOTE
General note includes index and biblioraphy
505 2# - FORMATTED CONTENTS NOTE
Formatted contents note Index
650 ## - SUBJECT ADDED ENTRY--TOPICAL TERM
Topical Term Knowledge-Theory of Islam
942 ## - ADDED ENTRY ELEMENTS (KOHA)
Koha item type Books
700 1# -
-- Bultmann, R
Holdings
Home library Current library Date acquired Cost, normal purchase price Full call number Accession Number Koha item type
Henry Martyn Institute Library Henry Martyn Institute Library 03/15/2007 100.00 121.68 BUL 01689 E-Books
                   Copyright © 2026 | Henry Martyn Institute | Hyderabad | TS-500052 | INDIA | Implemented by hmi.edu.in
Hit-Count:

Powered by Koha